Vida de Santiago Ramón y Cajal (Record no. 39871)

MARC details
000 -LEADER
campo de control de longitud fija 00937nam a2200229 i 4500
001 - NÚMERO DE CONTROL
campo de control 39871
003 - IDENTIFICADOR DE NÚMERO DE CONTROL
campo de control ES-MaACL
005 - FECHA Y HORA DE LA ÚLTIMA TRANSACCIÓN
campo de control 20230906160108.0
007 - CAMPO FIJO DE DESCRIPCIÓN FÍSICA--INFORMACIÓN GENERAL
campo de control de longitud fija t|
008 - DATOS DE LONGITUD FIJA--INFORMACIÓN GENERAL
campo de control de longitud fija 030304s1951 mx ||||1| spa d
100 1# - ENTRADA PRINCIPAL--NOMBRE DE PERSONA
Nombre de persona Cannon, Dorothy F.
9 (RLIN) 34520
245 10 - MENCIÓN DEL TÍTULO
Título Vida de Santiago Ramón y Cajal
Resto del título : explorador del cerebro humano /
Mención de responsabilidad, etc. Dorothy F. Cannon ; con un prólogo de Charles Sherrington y una introducción de J. F. Tello , versión española hecha sobre la primera edición inglesa de A. Folch y Pi.
260 ## - PUBLICACIÓN, DISTRIBUCIÓN, ETC.
Lugar de publicación, distribución, etc. México :
Nombre del editor, distribuidor, etc. [s.n.,
Fecha de publicación, distribución, etc. 1951] (
Fabricante Exportadora de Publicaciones Mexicanas-Insurgentes)
300 ## - DESCRIPCIÓN FÍSICA
Extensión 285 p., 5 lám. :
Otras características físicas il. ;
Dimensiones 22 cm.
490 1# - MENCIÓN DE SERIE
Mención de serie Biografías Gandesa
700 1# - ENTRADA AGREGADA--NOMBRE PERSONAL
Nombre de persona Sherrington, Charles.
9 (RLIN) 106107
700 1# - ENTRADA AGREGADA--NOMBRE PERSONAL
Nombre de persona Tello Muñoz, Jorge Francisco.
9 (RLIN) 109658
700 1# - ENTRADA AGREGADA--NOMBRE PERSONAL
Nombre de persona Folch i Pi, Alberto.
9 (RLIN) 51452
830 0# - PUNTO DE ACCESO ADICIONAL DE SERIE-TÍTULO UNIFORME
Título uniforme Biografías Gandesa
9 (RLIN) 182648
852 ## - LOCALIZACIÓN
Ubicación ES-MaACL
Número de control de estantería D-5356
Sublocalización o colección R.31419
Holdings
Estatus retirado Estado de pérdida Estado de daño No para préstamo Biblioteca de origen Biblioteca actual Ubicación en estantería Fecha de adquisición Fuente de adquisición Total de préstamos Signatura topográfica completa Código de barras Visto por última vez Precio de reemplazo Tipo de ítem Koha
        Biblioteca del Ateneo de Madrid Biblioteca del Ateneo de Madrid Sala Valle Inclán 17/01/2008     D-5356 901041984 23/02/2023 23/02/2023 Libro impreso